000 01031cam a22003257a 4500
003 CHAP
005 20220817043947.0
008 040922d2003 it bd r 00110 fre d
010 _a88835
011 _a89807
020 _a9251046895
035 _a100358
040 _cCHAP
082 0 4 _a631.8
_bF62f
110 2 _aFAO
245 1 0 _aEstimations des émissions gazeuses de NH3, NO et N2O par les terres agricoles al'échelle mondiale
_c/par FAO
260 _aRome :
_bFAO,
_c2003
300 _a112 p. :
_bgráfs. ; mapas ; tablas
590 _aBATCH-UPD
_b10
_c20130110
_lUCH01
_h1713
590 _aBATCH-UPD
_b10
_c20130410
_lUCH01
_h1058
590 _aBATCH-UPD
_b10
_c20130914
_lUCH01
_h1249
590 _aCONVERSION
_b10
_c20130109
_lUCH01
_h1349
650 1 4 _aEcología agrícola.
_935165
650 1 4 _aFertilizantes nitrogenados.
_940596
650 1 4 _aFertilizantes.
_940447
901 _aBK
905 _aAlejandra Carrasco M.
942 _cLIBRO
949 _a631.8 F62f
_bBC
_cFAO
_d33724000796371
_eFAO1
_h104569
_i100358
_sb
999 _c88835
_d88835